Retenciones ingresadas por facturas apócrifas (Registro nro. 13859)

Detalles MARC
000 -LEADER
fixed length control field 00335 a2200109 4500
001 - CONTROL NUMBER
control field ART_41236
005 - DATE AND TIME OF LATEST TRANSACTION
control field 20260410161647.0
008 - FIXED-LENGTH DATA ELEMENTS--GENERAL INFORMATION
fixed length control field 260409a
100 1# - MAIN ENTRY--PERSONAL NAME
Personal name Caranta, Martín R.
245 10 - TITLE STATEMENT
Title Retenciones ingresadas por facturas apócrifas
773 0# - HOST ITEM ENTRY
Title Consultor tributario
Related parts - Año 11, Nº 120 (feb. 2017)
Record control number REV474

No hay ítems disponibles.